[Event "US Open-114"]
[Site "Middleton"]
[Date "2013.08.02"]
[Round "7"]
[White "Cao, Kevin Y"]
[Black "Ghaem Maghami, Ehsan"]
[Result "0-1"]
[WhiteElo "2223"]
[BlackElo "2554"]
[PlyCount "74"]
[EventDate "2013.07.27"]
[EventType "swiss"]
[EventRounds "9"]
[EventCountry "USA"]
[SourceTitle "CBM 155 Extra"]
[Source "ChessBase"]
[SourceDate "2013.08.26"]
[SourceVersion "1"]
[SourceVersionDate "2013.08.26"]
[SourceQuality "1"]

1. e4 c5 2. Nf3 e6 3. d4 cxd4 4. Nxd4 a6 5. c4 Nf6 6. Nc3 Bb4 7. Qf3 d6 8. Bd2 0-0 9. Nc2 Bc5 10. Be2 Nc6 11. 0-0 Bd7 12. Bg5 h6 13. Bxf6 Qxf6 14. Qxf6 gxf6 15. Rfd1 Rfd8 16. a3 Be8 17. Rd3 Rac8 18. Rf3 Ne5 19. Rxf6 Kg7 20. Rf4 Ba7 21. Rd1 Nxc4 22. Bxc4 Rxc4 23. Rd3 b5 24. Rg3+ Kf8 25. Rf6 d5 26. exd5 exd5 27. Ne1 Rc6 28. Rxc6 Bxc6 29. Rd3 d4 30. Ne2 a5 31. h3 Re8 32. Kf1 Bd5 33. Nf3 Bc4 34. Rd2 a4 35. Nh4 Bb6 36. Nf5 Ba5 37. Rxd4 Rxe2 0-1

[Event "Chicago op 22nd"]
[Site "Wheeling"]
[Date "2013.05.23"]
[Round "1"]
[White "Finegold, Benjamin"]
[Black "Cao, Kevin Y"]
[Result "1/2-1/2"]
[WhiteElo "2505"]
[BlackElo "2201"]
[PlyCount "201"]
[EventDate "2013.05.23"]
[EventType "swiss"]
[EventRounds "9"]
[EventCountry "USA"]
[SourceTitle "CBM 154 Extra"]
[Source "ChessBase"]
[SourceDate "2013.06.25"]
[SourceVersion "2"]
[SourceVersionDate "2013.06.25"]
[SourceQuality "1"]

1. d4 d5 2. c4 e6 3. Nc3 Nf6 4. Bg5 Nbd7 5. e3 c6 6. cxd5 exd5 7. Bd3 Bd6 8. Nge2 Nf8 9. Qa4 Bd7 10. e4 dxe4 11. Nxe4 Be7 12. Bxf6 gxf6 13. 0-0 Ng6 14. Nc5 Bc8 15. Rad1 0-0 16. Qc2 Kh8 17. Rfe1 Rg8 18. Ng3 b6 19. Nb3 Bg4 20. Rc1 Rc8 21. Bc4 Qf8 22. Ba6 Rc7 23. d5 Bd6 24. dxc6 Bf4 25. Ra1 Ne5 26. Qe4 Qh6 27. Nd4 Qg5 28. Be2 Bc8 29. Nf3 Qh6 30. Nxe5 fxe5 31. Bf3 f5 32. Qd5 Bxg3 33. hxg3 e4 34. Be2 Qxc6 35. Qd4+ Rgg7 36. Qd8+ Rg8 37. Qd4+ Rgg7 38. Rad1 h6 39. Qe5 Qe6 40. Rd8+ Kh7 41. Qf4 Qf6 42. Red1 Qg5 43. b3 Qxf4 44. gxf4 Bb7 45. Bc4 e3 46. g3 Be4 47. Re1 exf2+ 48. Kxf2 Rgd7 49. Rd1 Rxd1 50. Rxd1 Kg7 51. Rd6 b5 52. Bxb5 Rc2+ 53. Be2 Rxa2 54. Ra6 Rb2 55. Rxa7+ Kg6 56. Ra6+ Kg7 57. Rd6 Rxb3 58. Bh5 Rb2+ 59. Ke3 Rb3+ 60. Kf2 Rb2+ 61. Ke3 Rb3+ 62. Kd4 Rd3+ 63. Ke5 Rxd6 64. Kxd6 Kf6 65. Bd1 Bd3 66. Bb3 Bb5 67. Bd5 Be8 68. Bf3 Bf7 69. Kd7 Be6+ 70. Ke8 Bf7+ 71. Kf8 Be6 72. Ke8 Bf7+ 73. Kf8 Be6 74. Ke8 Bf7+ 75. Kd7 Be6+ 76. Kd6 Bc4 77. Bd5 Bb5 78. Kc5 Be8 79. Kd4 Bd7 80. Ke3 Be8 81. Kf2 Bd7 82. Kg2 Be8 83. Kh3 Kg6 84. Bc4 Kf6 85. Kh4 Bg6 86. Be2 Be8 87. Bd1 Kg7 88. Bc2 Kf6 89. Bd3 Bg6 90. Bb5 Bf7 91. Bd7 Bg6 92. Bc6 Bf7 93. Bf3 Be8 94. Bh5 Bd7 95. Kh3 Bc6 96. Kh2 Bd5 97. Kg1 Be6 98. Kf2 Bd5 99. Ke3 Be6 100. Kd4 Bb3 101. Ke3 1/2-1/2

[Event "US op Denker 113th"]
[Site "Vancouver"]
[Date "2012.08.06"]
[Round "5"]
[White "Brown, Michael William"]
[Black "Cao, Kevin Y"]
[Result "1-0"]
[WhiteElo "2367"]
[BlackElo "2254"]
[PlyCount "116"]
[EventDate "2012.08.04"]
[EventType "swiss"]
[EventRounds "6"]
[EventCountry "USA"]
[SourceTitle "CBM 149 Extra"]
[Source "ChessBase"]
[SourceDate "2012.08.24"]
[SourceVersion "1"]
[SourceVersionDate "2012.08.24"]
[SourceQuality "1"]

1. d4 d5 2. c4 e6 3. Nc3 Nf6 4. cxd5 exd5 5. Bg5 c6 6. e3 Bf5 7. Qf3 Bg6 8. Bxf6 Qxf6 9. Qxf6 gxf6 10. Nge2 Bd6 11. g3 Nd7 12. Bg2 f5 13. 0-0 0-0 14. h4 Rfe8 15. Nf4 Nf6 16. Nce2 h6 17. Rfc1 Ne4 18. Rc2 Kg7 19. Bf3 a5 20. Nc1 Ra6 21. Be2 Rb6 22. Ncd3 Bxf4 23. Nxf4 Nd6 24. Rb1 f6 25. Bd3 Bf7 26. Re2 Ne4 27. f3 Nd6 28. Kf2 Rc8 29. Rc2 a4 30. Rg1 Nc4 31. g4 fxg4 32. Rxg4+ Kf8 33. Ng6+ Bxg6 34. Rxg6 Nxb2 35. Bf5 Re8 36. Rxf6+ Kg7 37. Rg6+ Kf7 38. Rg1 Kf6 39. e4 a3 40. Rg6+ Kf7 41. Rxh6 Nc4 42. e5 Re7 43. Rh7+ Kf8 44. Rh8+ Kg7 45. Rh7+ Kf8 46. Rxe7 Kxe7 47. f4 Ra6 48. h5 b5 49. h6 b4 50. h7 Ra8 51. Rc1 Kf7 52. Bd7 Nb2 53. Ke2 Rh8 54. Bxc6 Ke6 55. Rh1 b3 56. Rh6+ Kf5 57. Bxd5 bxa2 58. Kf3 a1N 1-0

[Event "US op Denker 113th"]
[Site "Vancouver"]
[Date "2012.08.05"]
[Round "3"]
[White "Yang, Darwin"]
[Black "Cao, Kevin Y"]
[Result "1-0"]
[WhiteElo "2594"]
[BlackElo "2254"]
[PlyCount "90"]
[EventDate "2012.08.04"]
[EventType "swiss"]
[EventRounds "6"]
[EventCountry "USA"]
[SourceTitle "CBM 149 Extra"]
[Source "ChessBase"]
[SourceDate "2012.08.24"]
[SourceVersion "1"]
[SourceVersionDate "2012.08.24"]
[SourceQuality "1"]

1. d4 d5 2. c4 e6 3. Nc3 Nf6 4. Nf3 c6 5. e3 Nbd7 6. Qc2 Bd6 7. e4 Nxe4 8. Nxe4 dxe4 9. Qxe4 Nf6 10. Qh4 Bb4+ 11. Bd2 Bxd2+ 12. Nxd2 0-0 13. 0-0-0 b5 14. Ne4 bxc4 15. Bxc4 Rb8 16. Nxf6+ Qxf6 17. Qxf6 gxf6 18. Rd3 Rd8 19. Rhd1 Rb7 20. Ra3 Rbd7 21. Be2 f5 22. Kc2 Kg7 23. g3 Rc7 24. f4 Kf6 25. b4 Ke7 26. Kc3 Rd6 27. Bf3 f6 28. Ra5 Kd7 29. a3 Rb7 30. Kc4 Kc7 31. Kc5 a6 32. a4 Rb6 33. h3 Rd8 34. g4 Bd7 35. gxf5 exf5 36. Rg1 Rdb8 37. Rg7 h5 38. Be2 Rxb4 39. Rxa6 Kc8 40. Rg8+ Kc7 41. Rxb8 Rxb8 42. Ra7+ Kd8 43. Kd6 Be8 44. a5 Kc8 45. a6 Rb2 1-0

[Event "USA-chB U20"]
[Site "Saint Louis"]
[Date "2012.07.13"]
[Round "4"]
[White "Williams, Justus D"]
[Black "Cao, Kevin Y"]
[Result "0-1"]
[WhiteElo "2216"]
[BlackElo "2184"]
[PlyCount "100"]
[EventDate "2012.07.11"]
[EventType "tourn"]
[EventRounds "7"]
[EventCountry "USA"]
[SourceTitle "CBM 149 Extra"]
[Source "ChessBase"]
[SourceDate "2012.08.24"]
[SourceVersion "1"]
[SourceVersionDate "2012.08.24"]
[SourceQuality "1"]

1. Nf3 d5 2. c4 e6 3. g3 Nf6 4. Bg2 Be7 5. 0-0 0-0 6. d4 dxc4 7. Qc2 a6 8. a4 Nc6 9. Qxc4 Qd5 10. Nbd2 Rd8 11. e3 Qh5 12. h3 Nd5 13. b3 a5 14. Bb2 Ndb4 15. Qe2 b6 16. Nc4 f6 17. Rfd1 Bb7 18. Rac1 Rab8 19. g4 Qf7 20. Nh2 Na7 21. Bxb7 Rxb7 22. f4 Nc8 23. Nf3 c6 24. Kh1 Kh8 25. Qg2 Nd5 26. Rg1 Bb4 27. Qf2 Qg6 28. Rg3 Qe4 29. Kg1 b5 30. Nfd2 Qg6 31. axb5 cxb5 32. Na3 Nd6 33. Nab1 a4 34. Qg2 Ra7 35. bxa4 bxa4 36. f5 Qg5 37. Ba3 Bxa3 38. Nxa3 Nxe3 39. Qf2 Nd5 40. Rf1 exf5 41. gxf5 Qh6 42. Rb1 Nf4 43. Kh2 Re7 44. Re1 Rxe1 45. Qxe1 Re8 46. Qd1 Nxf5 47. Rc3 Qh4 48. Qf1 h6 49. Qb5 Qf2+ 50. Kh1 Qg2# 0-1

[Event "Saint Louis Kings-Queens 960"]
[Site "Saint Louis"]
[Date "2011.09.15"]
[Round "5"]
[White "Kosteniuk, Alexandra"]
[Black "Cao, Kevin Y"]
[Result "1-0"]
[WhiteElo "2469"]
[BlackElo "2120"]
[PlyCount "93"]
[EventDate "2011.09.10"]
[EventType "schev"]
[EventRounds "5"]
[EventCountry "USA"]
[SourceTitle "CBM 144 Extra"]
[Source "ChessBase"]
[SourceDate "2011.10.28"]
[SourceVersion "1"]
[SourceVersionDate "2011.10.28"]
[SourceQuality "1"]
[WhiteTeam "Queens"]
[BlackTeam "Kings"]
[WhiteTeamCountry "USA"]
[BlackTeamCountry "USA"]

1. e4 e5 2. Nf3 Nc6 3. Bb5 Bc5 4. 0-0 Nd4 5. Nxd4 Bxd4 6. d3 c6 7. Ba4 Nf6 8. Nd2 b5 9. Bb3 d6 10. a4 a5 11. c3 Bb6 12. axb5 cxb5 13. h3 0-0 14. Re1 Bb7 15. Nf1 d5 16. Qf3 dxe4 17. dxe4 h6 18. Ng3 Nh7 19. Nf5 Qf6 20. h4 Bc8 21. Bd5 Ra7 22. g3 Be6 23. Kg2 Kh8 24. Rh1 Rd7 25. Bc6 Bxf5 26. exf5 Re7 27. Be4 Rd8 28. g4 Qd6 29. g5 Rg8 30. Rd1 Qc7 31. Qd3 Qc5 32. Be3 Qc7 33. Bxb6 Qxb6 34. Qd6 Qxd6 35. Rxd6 hxg5 36. hxg5 Rb8 37. f6 Ra7 38. Rad1 Nf8 39. Rd8 Rxd8 40. Rxd8 Kg8 41. Rb8 gxf6 42. gxf6 b4 43. c4 Ra6 44. c5 a4 45. c6 Ra7 46. Rc8 a3 47. c7 1-0

[Event "Saint Louis Kings-Queens 960"]
[Site "Saint Louis"]
[Date "2011.09.12"]
[Round "3"]
[White "Fierro Baquero, Martha Lorena"]
[Black "Cao, Kevin Y"]
[Result "1-0"]
[WhiteElo "2378"]
[BlackElo "2120"]
[PlyCount "67"]
[EventDate "2011.09.10"]
[EventType "schev"]
[EventRounds "5"]
[EventCountry "USA"]
[SourceTitle "CBM 144 Extra"]
[Source "ChessBase"]
[SourceDate "2011.10.28"]
[SourceVersion "1"]
[SourceVersionDate "2011.10.28"]
[SourceQuality "1"]
[WhiteTeam "Queens"]
[BlackTeam "Kings"]
[WhiteTeamCountry "USA"]
[BlackTeamCountry "USA"]

1. e4 e5 2. Nf3 Nc6 3. Bb5 Bc5 4. 0-0 Nd4 5. Nxd4 Bxd4 6. c3 Bb6 7. d4 c6 8. Ba4 d6 9. dxe5 dxe5 10. Qh5 Qf6 11. Bb3 Bc7 12. Na3 Qg6 13. Qxg6 hxg6 14. Be3 f5 15. Rad1 Bd7 16. Bf7+ Ke7 17. Bc5+ Kd8 18. Be6 Nf6 19. Rxd7+ Nxd7 20. Rd1 Kc8 21. Bxd7+ Kb8 22. exf5 gxf5 23. Bxf5 b6 24. Be7 a5 25. Nc4 Re8 26. Rd7 Ra7 27. g3 b5 28. Ne3 b4 29. Bc5 Rb7 30. Nc4 Rb5 31. Nd6 Bxd6 32. Bxd6+ Ka8 33. Be4 Rc8 34. Rxg7 1-0

[Event "Saint Louis Kings-Queens 960"]
[Site "Saint Louis"]
[Date "2011.09.11"]
[Round "2"]
[White "Cao, Kevin Y"]
[Black "Krush, Irina"]
[Result "1/2-1/2"]
[WhiteElo "2120"]
[BlackElo "2472"]
[PlyCount "72"]
[EventDate "2011.09.10"]
[EventType "schev"]
[EventRounds "5"]
[EventCountry "USA"]
[SourceTitle "CBM 144 Extra"]
[Source "ChessBase"]
[SourceDate "2011.10.28"]
[SourceVersion "1"]
[SourceVersionDate "2011.10.28"]
[SourceQuality "1"]
[WhiteTeam "Kings"]
[BlackTeam "Queens"]
[WhiteTeamCountry "USA"]
[BlackTeamCountry "USA"]

1. e4 d6 2. d4 Nf6 3. Nc3 Nbd7 4. Nf3 e5 5. h3 Be7 6. Be3 c6 7. Bd3 b5 8. a4 b4 9. Ne2 0-0 10. c3 d5 11. Nxe5 Nxe5 12. dxe5 Nxe4 13. Bxe4 dxe4 14. Qxd8 Rxd8 15. Ng3 bxc3 16. bxc3 Ba6 17. Nxe4 Rab8 18. Nd2 Rd5 19. c4 Rxe5 20. 0-0 Rd8 21. Nf3 Re4 22. Bxa7 Bxc4 23. Rfe1 Rxe1+ 24. Rxe1 Bf6 25. Bb6 Ra8 26. a5 g6 27. Ne5 Bb5 28. Nd7 Bb2 29. Re3 h5 30. Rb3 Bg7 31. Re3 Kh7 32. Re7 Kg8 33. Re3 Ba1 34. Ra3 Bb2 35. Rb3 Ba1 36. Ra3 Bb2 1/2-1/2

[Event "Saint Louis Kings-Queens 960"]
[Site "Saint Louis"]
[Date "2011.09.10"]
[Round "1"]
[White "Cao, Kevin Y"]
[Black "Lagno, Kateryna"]
[Result "0-1"]
[WhiteElo "2120"]
[BlackElo "2554"]
[PlyCount "102"]
[EventDate "2011.09.10"]
[EventType "schev"]
[EventRounds "5"]
[EventCountry "USA"]
[SourceTitle "CBM 144 Extra"]
[Source "ChessBase"]
[SourceDate "2011.10.28"]
[SourceVersion "1"]
[SourceVersionDate "2011.10.28"]
[SourceQuality "1"]
[WhiteTeam "Kings"]
[BlackTeam "Queens"]
[WhiteTeamCountry "USA"]
[BlackTeamCountry "USA"]

1. e4 d6 2. d4 Nf6 3. Nc3 g6 4. Nf3 Bg7 5. h3 a6 6. Bd3 Nc6 7. Be3 e5 8. dxe5 dxe5 9. Bc5 b6 10. Ba3 b5 11. Bc5 Nd7 12. Be3 Nd4 13. a4 b4 14. Nd5 Nb6 15. Bxd4 exd4 16. Nxb6 cxb6 17. Qd2 Qe7 18. 0-0 0-0 19. a5 b5 20. Rfe1 Bb7 21. Rad1 Qc5 22. Qg5 Qc7 23. Ra1 Rfe8 24. Qh4 Re7 25. Ng5 h6 26. Nf3 Rae8 27. Nh2 h5 28. Nf1 Bh6 29. Ng3 Qe5 30. Nf1 Qc5 31. f3 b3 32. cxb3 Qb4 33. Qf2 Qxb3 34. Qc2 Qb4 35. Kh1 Bf4 36. Re2 Rc8 37. Qd1 Rec7 38. Qe1 Qb3 39. Qd1 Qe6 40. Qe1 Rc1 41. Rxc1 Rxc1 42. Qf2 Qb3 43. Bc2 Qxb2 44. g3 Bxg3 45. Qxg3 Rxc2 46. Rxc2 Qxc2 47. Qb8+ Qc8 48. Qd6 Qxh3+ 49. Kg1 Qxf3 50. Qxd4 Qxe4 51. Qd8+ Kh7 0-1

[Event "USA-ch U16"]
[Site "Crossville"]
[Date "2011.07.15"]
[Round "7"]
[White "Cao, Kevin Y"]
[Black "Bodek, Michael H"]
[Result "0-1"]
[WhiteElo "2131"]
[BlackElo "2191"]
[PlyCount "152"]
[EventDate "2011.07.12"]
[EventType "tourn"]
[EventRounds "7"]
[EventCountry "USA"]
[SourceTitle "CBM 143 Extra"]
[Source "ChessBase"]
[SourceDate "2011.08.29"]
[SourceVersion "1"]
[SourceVersionDate "2011.08.29"]
[SourceQuality "1"]

1. e4 c5 2. Nf3 d6 3. d4 cxd4 4. Nxd4 Nf6 5. Nc3 g6 6. Be3 Bg7 7. Be2 0-0 8. 0-0 Nc6 9. a4 d5 10. exd5 Nb4 11. d6 Qxd6 12. Ndb5 Qb8 13. Bc5 Nc6 14. Bf3 a6 15. Na3 Be6 16. h3 Rd8 17. Qe2 Nd4 18. Bxd4 Rxd4 19. Qe3 Rd6 20. Rad1 Rxd1 21. Rxd1 Qc7 22. Ne2 Re8 23. b4 Bc8 24. Nc3 Ng4 25. Bxg4 Bxc3 26. Bxc8 Rxc8 27. b5 Bb4 28. c4 Qc5 29. Nc2 Qxc4 30. Nxb4 Qxb4 31. Rd7 axb5 32. axb5 Qxb5 33. Qxe7 Qf5 34. Rd8+ Rxd8 35. Qxd8+ Kg7 36. Qb6 Qd5 37. Qb2+ Kg8 38. Qb6 Qc6 39. Qd8+ Kg7 40. Qd4+ Qf6 41. Qb4 b6 42. g3 h6 43. Qb5 Qd6 44. Qb2+ Kg8 45. Qc1 h5 46. h4 Qc5 47. Qa1 b5 48. Qa8+ Kg7 49. Qa1+ Kh7 50. Kf1 b4 51. Qa2 Qe7 52. Qb3 Kg8 53. Qc4 Qb7 54. Qb3 Qe4 55. f3 Qd4 56. Ke2 Kg7 57. Kf1 Qd6 58. Kf2 Qc5+ 59. Kf1 Qd4 60. Ke2 Kf6 61. Qc2 Qa1 62. Qc6+ Kg7 63. Qc2 Qa3 64. Qd2 Qb3 65. Qd4+ Kh7 66. g4 Qc2+ 67. Ke3 hxg4 68. fxg4 b3 69. Qd5 Qc3+ 70. Ke2 Kg7 71. h5 b2 72. Qd1 Qe5+ 73. Kf3 gxh5 74. Kf2 h4 75. Kg1 h3 76. g5 Qg3+ 0-1

[Event "USA-ch U16"]
[Site "Crossville"]
[Date "2011.07.13"]
[Round "3"]
[White "Cao, Kevin Y"]
[Black "Shetty, Atulya"]
[Result "1-0"]
[WhiteElo "2131"]
[BlackElo "2116"]
[PlyCount "137"]
[EventDate "2011.07.12"]
[EventType "tourn"]
[EventRounds "7"]
[EventCountry "USA"]
[SourceTitle "CBM 143 Extra"]
[Source "ChessBase"]
[SourceDate "2011.08.29"]
[SourceVersion "1"]
[SourceVersionDate "2011.08.29"]
[SourceQuality "1"]

1. e4 c5 2. Nf3 d6 3. d4 cxd4 4. Nxd4 Nf6 5. Nc3 Nc6 6. Bc4 e6 7. Be3 Be7 8. Qe2 a6 9. Bb3 0-0 10. 0-0-0 Nxd4 11. Bxd4 b5 12. e5 dxe5 13. Bxe5 Qa5 14. Ne4 Nd7 15. Bd4 b4 16. Kb1 Qc7 17. h4 e5 18. Ng5 a5 19. Nxf7 Rxf7 20. Qf3 Bf6 21. Qxa8 exd4 22. Rhe1 Kf8 23. Bxf7 Kxf7 24. Qd5+ Kf8 25. Qe4 g6 26. Qe8+ Kg7 27. Re7+ Bxe7 28. Qxe7+ Kg8 29. Re1 Qc6 30. Qd8+ Kg7 31. g4 Nf8 32. Qxd4+ Kg8 33. b3 Be6 34. h5 Bf7 35. h6 Qc3 36. Qxc3 bxc3 37. Re3 Be6 38. f3 Kf7 39. Rxc3 Nd7 40. Rc8 Bd5 41. f4 g5 42. fxg5 Kg6 43. Rc7 Be6 44. Rc6 Nf8 45. Rc5 Bxg4 46. Rxa5 Ne6 47. Kc1 Nxg5 48. Kd2 Kxh6 49. Ke3 Ne6 50. Ra8 Kg5 51. Rg8+ Kf5 52. a4 Bd1 53. Kd2 Bf3 54. Rh8 h5 55. Ke3 Bd1 56. Rc8 h4 57. a5 h3 58. Kf2 Kg4 59. a6 Bf3 60. Rg8+ Kf4 61. Rh8 Bg2 62. Rc8 Be4 63. Rh8 Bg2 64. b4 Nc7 65. a7 Ke5 66. b5 Nxb5 67. Rh5+ Kd6 68. Rxb5 Bc6 69. Kg3 1-0

[Event "Philadelphia op"]
[Site "Philadelphia"]
[Date "2011.04.24"]
[Round "8"]
[White "Klings, Peter"]
[Black "Cao, Kevin Y"]
[Result "1/2-1/2"]
[WhiteElo "2164"]
[BlackElo "2103"]
[PlyCount "54"]
[EventDate "2011.04.20"]
[EventType "swiss"]
[EventRounds "9"]
[EventCountry "USA"]
[SourceTitle "CBM 141 Extra"]
[Source "ChessBase"]
[SourceDate "2011.05.03"]
[SourceVersion "1"]
[SourceVersionDate "2011.05.03"]
[SourceQuality "1"]

1. e4 e5 2. Bc4 Nf6 3. d3 Bc5 4. Nf3 d6 5. 0-0 0-0 6. c3 Nc6 7. a4 a5 8. Nbd2 Ne7 9. Re1 Ng6 10. Nf1 c6 11. Be3 Bxe3 12. Nxe3 d5 13. Ba2 Be6 14. exd5 cxd5 15. d4 e4 16. Ne5 Qd6 17. Nxg6 fxg6 18. Qe2 Rf7 19. Rac1 Rc8 20. Rc2 Kh8 21. Rd2 Rfc7 22. c4 dxc4 23. d5 Bg8 24. Bxc4 Qb4 25. b3 Rd8 26. Red1 Rcd7 27. Rd4 Rd6 1/2-1/2

[Event "Chicago op 19th"]
[Site "Wheeling"]
[Date "2010.05.30"]
[Round "6"]
[White "Cao, Kevin Y"]
[Black "Kobas, Adnan"]
[Result "1/2-1/2"]
[WhiteElo "1998"]
[BlackElo "2320"]
[PlyCount "92"]
[EventDate "2010.05.27"]
[EventType "swiss"]
[EventRounds "9"]
[EventCountry "USA"]
[SourceTitle "CBM 136 Extra"]
[Source "ChessBase"]
[SourceDate "2010.07.02"]
[SourceVersion "2"]
[SourceVersionDate "2010.07.15"]
[SourceQuality "1"]

1. e4 c5 2. Nf3 a6 3. d4 cxd4 4. Nxd4 Nf6 5. Nc3 e5 6. Nb3 Bb4 7. Bd3 b5 8. Bd2 d6 9. Qe2 0-0 10. 0-0 Nbd7 11. a3 Bxc3 12. Bxc3 Bb7 13. Rad1 Re8 14. Bb4 Qb6 15. Na5 Nc5 16. Nxb7 Qxb7 17. Rde1 Rac8 18. Bxc5 dxc5 19. c3 Rcd8 20. Bb1 Rd7 21. f4 Qc7 22. f5 Red8 23. Rd1 h5 24. Bc2 c4 25. Rxd7 Rxd7 26. h3 h4 27. Rd1 a5 28. Rxd7 Qxd7 29. Qe1 Qd6 30. Kh2 Qd8 31. a4 Qb6 32. Qe2 Qc6 33. axb5 Qxb5 34. b3 Qc5 35. bxc4 Qa3 36. Qe3 Qa2 37. Qd3 Qa3 38. Qe3 Nd7 39. Qd3 Qe7 40. Qd5 Kh7 41. Qxa5 Qg5 42. Qa1 Qe3 43. Qd1 Qg3+ 44. Kh1 Qe3 45. Qxd7 Qe1+ 46. Kh2 Qg3+ 1/2-1/2

[Event "Oklahoma City op"]
[Site "Oklahoma"]
[Date "2009.07.26"]
[Round "4"]
[White "Wright, Terry"]
[Black "Cao, Kevin Y"]
[Result "0-1"]
[WhiteElo "2005"]
[BlackElo "1952"]
[PlyCount "76"]
[EventDate "2009.07.25"]
[EventType "swiss"]
[EventRounds "5"]
[EventCountry "USA"]
[SourceTitle "CBM 131 Extra"]
[Source "ChessBase"]
[SourceDate "2009.09.03"]
[SourceVersion "2"]
[SourceVersionDate "2009.09.16"]
[SourceQuality "1"]

1. e4 e5 2. Nf3 Nc6 3. Bb5 Bc5 4. 0-0 d6 5. Bxc6+ bxc6 6. d4 exd4 7. Nxd4 Ne7 8. Nc3 0-0 9. Na4 Bxd4 10. Qxd4 f5 11. Bg5 h6 12. Bxe7 Qxe7 13. Rfe1 Qf7 14. Re2 c5 15. Qd2 Bb7 16. e5 Qg6 17. f4 Rfe8 18. Rae1 Rad8 19. exd6 Rxe2 20. Qxe2 cxd6 21. Qe6+ Qxe6 22. Rxe6 Kf7 23. Re3 Be4 24. Re2 Rb8 25. b3 Re8 26. c3 Bb1 27. Rd2 c4 28. Kf2 a5 29. bxc4 Re4 30. Rd4 Bxa2 31. c5 Bb3 32. Nb6 Rxd4 33. cxd4 dxc5 34. dxc5 a4 35. c6 a3 36. Nd7 Be6 37. Nc5 a2 38. c7 a1Q 0-1

[Event "Stillwater Winter op"]
[Site "Stillwater"]
[Date "2009.02.15"]
[Round "4"]
[White "Langer, Mikhail"]
[Black "Cao, Kevin Y"]
[Result "1-0"]
[WhiteElo "2264"]
[BlackElo "1924"]
[PlyCount "79"]
[EventDate "2009.02.14"]
[EventType "swiss"]
[EventRounds "7"]
[EventCountry "USA"]
[SourceTitle "CBM 128 Extra"]
[Source "ChessBase"]
[SourceDate "2009.03.05"]
[SourceVersion "2"]
[SourceVersionDate "2009.03.25"]
[SourceQuality "1"]

1. e4 e5 2. Nf3 Nc6 3. d4 exd4 4. Nxd4 Bc5 5. Be3 Qf6 6. Nb5 Bxe3 7. fxe3 Kd8 8. N1c3 Nge7 9. Qd2 a6 10. Nd4 d6 11. 0-0-0 b5 12. Nd5 Qe5 13. Nxe7 Nxe7 14. Nf3 Qe6 15. Qa5 Bb7 16. Ng5 Qf6 17. Rxd6+ Qxd6 18. Nxf7+ Kd7 19. Nxd6 cxd6 20. e5 dxe5 21. Be2 Nd5 22. e4 Nf6 23. Rd1+ Ke8 24. Qc7 Bxe4 25. Qxe5+ Kf7 26. Bh5+ Bg6 27. Qc7+ Kf8 28. Bf3 Re8 29. Qd6+ Kf7 30. Bd5+ Nxd5 31. Qxd5+ Kf6 32. Rf1+ Ke7 33. Qe5+ Kd7 34. Rd1+ Kc8 35. Qc5+ Kb8 36. Qb6+ Kc8 37. Qc6+ Kb8 38. Rd7 Be4 39. Qb6+ Kc8 40. Qc7# 1-0